000 00505nam a2200181Ia 4500
008 240925s9999 xx 000 0 und d
020 _a966017676
082 _a621.3822 SMI
100 _aSteven , W. Smith
245 4 _aThe Scientist and Engineer's Guide to Digital Signal Processing
250 _a2nd
260 _aCalifornia:
_bMcGraw-Hill
_c,1999.
300 _axxv,411p.
_b1
_fPirated
500 _aIncludes Index
600 _aTelecommunication Engineering
650 _aTechnology
942 _cBK
999 _c6996
_d6996